| 000 | 00928nas a2200253 4500 | ||
|---|---|---|---|
| 001 | BR8501197 | ||
| 003 | BR-BrBNA | ||
| 005 | 20231205090133.0 | ||
| 007 | ta | ||
| 008 | 230509b bl.|||p| |||| 00| 00por d | ||
| 040 |
_aBR-BrBNA _bpor _cBiblioteca Nacional de Agricultura |
||
| 041 | _a(Pt) | ||
| 072 | _aF22 | ||
| 100 | 1 | _aCadima Zevallos, A. (Comissao Executiva do Plano da Lavoura Cacaueira, Ilheus, BA (Brazil)) | |
| 245 | 1 | _aCondutividade hidraulica de um oxisol (Haplorthox)variacao tabuleiro [Bahia, Brasil] | |
| 246 | 1 | _aThe hydraulic conductivity of an oxisol (Haplorthox)"tabuleiro" variation [Bahia, Brazil] | |
| 650 | _aOXISOL | ||
| 650 | _aCONDUTIVIDADE HIDRAULICA | ||
| 650 | _aBAHIA | ||
| 773 | 0 |
_tRevista Theobroma (Brazil) _xISSN 0370-7962 _g(Apr-Jun 1984), v. 14(2) p. 149-157 _wBR8501197 |
|
| 856 | 4 | 0 | _dLink DSPACE/MAPA BR8501197 |
| 909 |
_a202311 _bLúcia _c55 _dLúcia Elande |
||
| 942 |
_2AGRIS _n0 _cANA |
||
| 999 |
_c116350 _d116350 |
||